01011nam a2200181 a 4500008004100000050001600041100001900057245004800076246005200124260000900176350000900185700002000194995016400214995016400378999001700542952013500559952013500694120416s1961 xx |||||||||||||| || u aE 178.6 Ame aFine, Sidney A14aThe American pastcedited by Sidney A. Fine aconflicting interpretations of the great issues c1961 a0.00 aBrown, Gerald S aMAIN LIBRARY OPEN ACCESSD0.00e709907FCBU-MAIN LIBRARY (Kitwe)H1I8.00jE 178.6 AmeM1UAVAILABLEWOct 11, 2006y001179ZMain Library Open Access Collection aMAIN LIBRARY OPEN ACCESSD0.00e709906FCBU-MAIN LIBRARY (Kitwe)H2I8.00jE 178.6 AmeM2UAVAILABLEWOct 11, 2006y001180ZMain Library Open Access Collection c83908d83908 00102lcc4070a001b001cMain Library Open Access Collectiond2024-01-08l0oE 178.6 Amep001179r2024-01-08t1w2024-01-08y002 00102lcc4070a001b001cMain Library Open Access Collectiond2024-01-08l0oE 178.6 Amep001180r2024-01-08t2w2024-01-08y002